Culture shock : Malaysia

Bibliographic Details
Main Author: Munan, Heidi
Format: Book
Published: Singapore : Time Borks International , 1991
Subjects:

MARC

LEADER 00000cam a2200000 7i4500
001 0000003304
002 000003565
005 20000330.0
020 |a 9812041974 
090 0 0 |a 390.9595   |b MUN 
100 1 |a Munan, Heidi 
245 0 0 |a Culture shock :   |b Malaysia   |c Heidi Munan 
260 |a Singapore :   |b Time Borks International ,   |c 1991 
300 |a 240p ;   |c 20cm. 
650 0 0 |a Communication and culture   |z Malaysia 
651 0 |a Malaysia   |x Description and travel 
999 |a 00068991   |b BUKU   |c PINJAMAN   |e PERPUSTAKAAN KOMUNITI PETALING JAYA 
999 |a 033950   |b BUKU   |c PINJAMAN   |e PERPUSTAKAAN KOMUNITI PETALING JAYA